Online
Catalog

Gramática de la lengua castellana de Elio Antonio de Nebrija : (Record no. 6983)

MARC details
000 -CABECERA
campo de control de longitud fija 01057nam a2200241 a 4500
001 - NÚMERO DE CONTROL
campo de control 000007202
005 - FECHA Y HORA DE LA ÚLTIMA TRANSACCIÓN
campo de control 20200929154109.0
008 - DATOS DE LONGITUD FIJA--INFORMACIÓN GENERAL
campo de control de longitud fija 090907s1995 dr 001 0 spa d
040 ## - FUENTE DE LA CATALOGACIÓN
Centro catalogador/agencia de origen DO-SdBNP
Lengua de catalogación spa
Centro/agencia transcriptor BNPHU
082 ## - NÚMERO DE LA CLASIFICACIÓN DECIMAL DEWEY
Número de clasificación 465
Número de documento/Ítem C112g
100 1# - ENTRADA PRINCIPAL--NOMBRE DE PERSONA
Nombre de persona Cabanes, Santiago,
Fechas asociadas al nombre 1931-
9 (RLIN) 17711
245 10 - MENCIÓN DE TÍTULO
Título Gramática de la lengua castellana de Elio Antonio de Nebrija :
Resto del título Reflexión y edición del texto distribuido logicamente /
Mención de responsabilidad, etc. Santiago Cabanes.
260 ## - PUBLICACIÓN, DISTRIBUCIÓN, ETC.
Lugar de publicación, distribución, etc. Santo Domingo :
Nombre del editor, distribuidor, etc. UNPHU,
Fecha de publicación, distribución, etc. 1995.
300 ## - DESCRIPCIÓN FÍSICA
Extensión 315 p. ;
Dimensiones 25 cm.
500 ## - NOTA GENERAL
Nota general Incluye índice de nombres
501 ## - NOTA DE "CON"
Nota de “Con” Publicado con: Reflexión y edición del texto distribuido logicamente
563 ## - NOTA DE ENCUADERNACIÓN
Nota de encuadernación Dos obras publicadas juntas con paginación contínua.
590 ## - NOTA LOCAL (RLIN)
Nota local Inventariado, 2018/LP
600 14 - PUNTO DE ACCESO ADICIONAL DE MATERIA--NOMBRE DE PERSONA
Nombre de persona NEBRIJA, ELIO ANTONIO DE,
Fechas asociadas al nombre 1444-1522
Subdivisión general CRÍTICA E INTERPRETACIÓN
9 (RLIN) 19985
650 #4 - PUNTO DE ACCESO ADICIONAL DE MATERIA--TÉRMINO DE MATERIA
Término de materia o nombre geográfico como elemento de entrada Español antiguo
Subdivisión general Análisis gramatical
9 (RLIN) 19986
700 12 - PUNTO DE ACCESO ADICIONAL--NOMBRE DE PERSONA
Nombre de persona Cabanes, Santiago,
Fechas asociadas al nombre 1931-
Título de la obra Reflexión y edición del texto distribuido logicamente
9 (RLIN) 19987
910 ## - DATOS DE OPCIÓN DEL USUARIO (OCLC)
Datos de opción del usuario Validado. Control de calidad. MMOLINA
Holdings
Estado de retiro Estado de pérdida No para préstamo Código de colección Localización permanente Ubicación/localización actual Ubicación en estantería Fecha de adquisición Número de inventario Total de préstamos Signatura topográfica completa Código de barras Fecha visto por última vez Precio válido a partir de Tipo de ítem Koha Número de copia
    Excluido de préstamo Patrimonio Dominicano Patrimonio Dominicano Patrimonio Dominicano Depósito 07.09.2009 LF1   465 C112g 7202-10 25.06.2020 25.06.2020 Libro y Folleto Colección Patrimonio Dominicano  
    Excluido de préstamo Patrimonio Dominicano Patrimonio Dominicano Patrimonio Dominicano Depósito 07.09.2009 LF1   465 C112g 7202-20 25.06.2020 25.06.2020 Libro y Folleto Colección Patrimonio Dominicano e.2

Powered by Koha